An introduction to quantum field theory / (Record no. 28830)
[ view plain ]
| 000 -LEADER | |
|---|---|
| fixed length control field | 00524 a2200181 4500 |
| 003 - CONTROL NUMBER IDENTIFIER | |
| control field | NUST |
| 005 - DATE AND TIME OF LATEST TRANSACTION | |
| control field | 20180117150424.0 |
| 008 - FIXED-LENGTH DATA ELEMENTS--GENERAL INFORMATION | |
| fixed length control field | 180117b xxu||||| |||| 00| 0 eng d |
| 020 ## - INTERNATIONAL STANDARD BOOK NUMBER | |
| International Standard Book Number | 9780201503975 |
| 020 ## - INTERNATIONAL STANDARD BOOK NUMBER | |
| International Standard Book Number | 9780201503975 |
| 040 ## - CATALOGING SOURCE | |
| Transcribing agency | NUST |
| 082 04 - DEWEY DECIMAL CLASSIFICATION NUMBER | |
| Classification number | 530.143 |
| 100 1# - MAIN ENTRY--PERSONAL NAME | |
| Personal name | Peskin, Michael E. |
| 9 (RLIN) | 8561 |
| 245 13 - TITLE STATEMENT | |
| Title | An introduction to quantum field theory / |
| Statement of responsibility, etc. | Michael E. Peskin, Dan V. Schroeder. |
| 260 ## - PUBLICATION, DISTRIBUTION, ETC. | |
| Place of publication, distribution, etc. | [S.l.] : |
| Name of publisher, distributor, etc. | Westview Press, |
| Date of publication, distribution, etc. | 1995. |
| 300 ## - PHYSICAL DESCRIPTION | |
| Extent | 864 p. ; |
| Dimensions | 25 cm. |
| 490 1# - SERIES STATEMENT | |
| Series statement | Frontiers in physics. |
| 700 1# - ADDED ENTRY--PERSONAL NAME | |
| Personal name | Schroeder, Dan V. |
| 9 (RLIN) | 8562 |
| 830 #0 - SERIES ADDED ENTRY--UNIFORM TITLE | |
| Uniform title | Frontiers in physics. |
| 9 (RLIN) | 8563 |
| 942 ## - ADDED ENTRY ELEMENTS (KOHA) | |
| Institution code [OBSOLETE] | SNS |
| Koha item type | Book |
| Call number prefix | 530.143 PES |
| Source of classification or shelving scheme | |
| Withdrawn status | Lost status | Damaged status | Not for loan | Permanent Location | Current Location | Date acquired | Total Checkouts | Full call number | Barcode | Date last seen | Price effective from | Koha item type | Total Renewals | Checked out | Date last checked out |
|---|---|---|---|---|---|---|---|---|---|---|---|---|---|---|---|
| School of Natural Sciences (SNS) | School of Natural Sciences (SNS) | 05/26/2016 | 530.143 PES | SNS0000096 | 05/26/2016 | 05/26/2016 | Book | ||||||||
| School of Natural Sciences (SNS) | School of Natural Sciences (SNS) | 05/26/2016 | 9 | 530.143 PES | SNS0000321 | 09/10/2025 | 05/26/2016 | Book | 2 | 10/10/2025 | 09/10/2025 |
